LDR 00935naa#a2200193#i#450# 001 RU\\bibl\120515 005 20260416051746.4 011 ## _a1019-8946 100 ## _a20260410b2026####ek#y0rusy0150####ca 101 0# _aRUS 102 ## _aRU 200 1# _aПерспективы применения рамановской спектроскопии в мониторинге качества сухих молочных консервов _eЖурнальная статья 210 1# _aКемерово _cКемеровский государственный университет _d2026 215 ## _a7 с. 608 ## _aЖурнальная статья _2local 675 ## _aСельское хозяйство. Лесное хозяйство. Охота. Рыбное хозяйство. 63 _zRUS 700 #1 _aБарковская _gИрина Александровна 700 #1 _aБровко _gАртем Михайлович 856 4# _azh-szf.ru _u